000 00667nam a22002057a 4500
003 OSt
005 20260127035251.0
008 260127b |||||||| |||| 00| 0 eng d
020 _a81-203-3051-X.
040 _aDWCL-Main lib
_cOC
082 _aCirc. 005.3 C495s 2007
100 _aChattopadhyay, Santanu
245 _aSystem software
_cChattopadhyay, Santanu
260 _aNew Delhi :
_bPrentice-Hall of India Private Limited,
_cc2007.
300 _axi, 195 pages :
_billustration ;
_c23 cm.
504 _aIncludes bibliographical references and index.
650 _a1. Computer programming.
650 _a2. Computer software.
942 _2ddc
_cBK-CIRC
_kCirc.
_n0
999 _c7855
_d7855